000
00274 a2200109 4500
001
26639
082
_a
( termite affected boarded out)
090
_c
17932
_d
17932
100
_a
Rahman, F
245
_a
Islamic methodology in history( termite affected boarded out)
260
_b
C.I.I.R
942
_a
NUST-CAE
999
_c
261712
_d
261712